书目信息 |
| 题名: |
风景游览区水域游船管理
|
|
| 作者: | 张富强 编著 | |
| 分册: | ||
| 出版信息: | 北京 中国环境科学出版社 1999.12 |
|
| 页数: | 216页 | |
| 开本: | 32开 | |
| 丛书名: | ||
| 单 册: | ||
| 中图分类: | F592.6 | |
| 科图分类: | ||
| 主题词: | 旅游经济 | |
| 电子资源: | ||
| ISBN: | 7-80135-038-3 | |
| 000 | 00585nam0 2200193 45 | |
| 001 | 0102121071 | |
| 005 | 20010212102153.2 | |
| 010 | @a7-80135-038-3@d19.00元 | |
| 100 | @a20010212d1999 km y0chiy0120 ea | |
| 101 | 0 | @achi |
| 105 | @a z 000yy | |
| 200 | 1 | @a风景游览区水域游船管理@AFeng Jing You Lan Qu Shui Yu You Chuan Guan Li@f张富强编著@FZhang Fu Qiang Bian Zhu |
| 210 | @a北京@c中国环境科学出版社@d1999.12 | |
| 215 | @a216页@d32开 | |
| 606 | 0 | @a旅游经济 |
| 690 | @aF592.6@v3 | |
| 701 | 0 | @a张富强@4编著 |
| 801 | @aCN@bPftUser@c20010212 | |
| 905 | @b320676-680@dF592.6@eZH679@f5 | |
| 风景游览区水域游船管理/张富强编著.-北京:中国环境科学出版社,1999.12 |
| 216页;32开 |
| ISBN 7-80135-038-3:19.00元 |
| ● |
| 相关链接 |
|
|
|
正题名:风景游览区水域游船管理
索取号:F592.6/ZH679
 
预约/预借
| 序号 | 登录号 | 条形码 | 馆藏地/架位号 | 状态 | 备注 |
| 1 | 320676 | 203206761 | 社科库409/400B社科库 16排4列4层/ [索取号:F592.6/ZH679] | 在馆 | |
| 2 | 320677 | 203206770 | 社科库409/400B社科库 3排3列5层/ [索取号:F592.6/ZH679] | 在馆 | |
| 3 | 320678 | 203206789 | 社科库409/409社科库 40排1列1层/ [索取号:F592.6/ZH679] | 在馆 | |
| 4 | 320679 | 203206798 | 社科库409/409社科库 39排7列5层/ [索取号:F592.6/ZH679] | 在馆 | |
| 5 | 320680 | 203206805 | 社科库409/400B社科库 3排3列5层/ [索取号:F592.6/ZH679] | 在馆 |